| 000 | 00548cam a2200193 4500 | ||
|---|---|---|---|
| 001 | ##J53 | ||
| 008 | 090401t1984 xxu||||| |||| 00| 0 eng d | ||
| 035 | _a(Sirsi) u37877 | ||
| 041 | 0 | _aeng | |
| 050 | 0 | 4 | _a333.33 $2 18 |
| 110 | 2 |
_aBoard of Inland Revenue _bValuation Office _91068 |
|
| 245 | 0 | 0 |
_aValuation Office property market report _bNo. 41 (Spring 1984) |
| 260 |
_aLondon _bSurveyors Publications _c1984 |
||
| 300 |
_a94p. _c30cm. |
||
| 651 | 4 |
_aUnited Kingdom _y |
|
| 690 | _aPROPERTY-PROPERTY MARKET | ||
| 942 | _n0 | ||
| 948 | _c04/03/1997 | ||
| 999 |
_c90566 _d90566 |
||